| 000 | 00825nam a2200241Ia 4500 | ||
|---|---|---|---|
| 003 | OSt | ||
| 005 | 20220923212037.0 | ||
| 006 | a|||||r|||| 00| 0 | ||
| 007 | ta | ||
| 008 | 220922b |||||||| |||| 00| 0 hin d | ||
| 024 | _a150,218 | ||
| 037 | _cTextual | ||
| 040 |
_aARTS _cARTS _bhin |
||
| 041 |
_2hin _ahin |
||
| 082 | _aAm2,N60, 152K9 | ||
| 110 |
_aवैज्ञानिक तथा तकनीकि शब्दावली आयोग _9161946 |
||
| 245 | 0 | _aत्रैमासिक शब्दावली पत्रिका | |
| 246 | _aTraimāsik shabdāvalī patrikā | ||
| 260 | _c1969 | ||
| 700 |
_aवैज्ञानिक तथा तकनीकि शब्दावली आयोग _9161947 |
||
| 942 |
_hAm2,N60, 152K9 _cTEXL _2CC |
||
| 999 |
_c305898 _d305898 |
||